[Event "Flint (MI Senior/1/7)"]
[Site "?"]
[Date "1996.??.??"]
[Round "?"]
[White "Rosebrook, G."]
[Black "Semerciyan, Mike"]
[Result "0-1"]
[WhiteElo "1605"]
[BlackElo "1910"]
[PlyCount "58"]
[EventDate "1996.??.??"]

{1/(7)} 1. e4 e5 2. Nf3 Nc6 3. Bc4 Be7 4. c3 Nf6 5. Qc2 d5 6. exd5 Nxd5 7. O-O
O-O 8. a3 Bf6 9. Re1 a6 10. d3 Nb6 11. Ba2 Bf5 12. Re3 Qd7 13. Qe2 Rad8 14. Ne1
Bg5 15. Nd2 Bxe3 16. Qxe3 Bxd3 17. Nb3 Bg6 18. Bd2 Nc4 19. Qe2 Nxd2 20. Nc5 Qe7
21. b4 b6 22. Nxa6 Ne4 23. Qc4 Rd6 24. Nf3 b5 25. Qb3 Rfd8 26. h3 Rd3 27. Rc1
Rxf3 28. Nxc7 Rxf2 29. Nd5 Qg5 0-1

[Event "Flint (MI Senior/3/10)"]
[Site "?"]
[Date "1996.??.??"]
[Round "?"]
[White "Rosebrook, G."]
[Black "Saylor, Oliver"]
[Result "0-1"]
[WhiteElo "1605"]
[BlackElo "1605"]
[PlyCount "68"]
[EventDate "1996.??.??"]

{3/(10)} 1. e4 e5 2. Nf3 Nc6 3. Bb5 a6 4. Bxc6 bxc6 5. Nxe5 Qg5 6. Ng4 Nf6 7.
d4 Qxg4 8. Qxg4 Nxg4 9. f3 Nf6 10. Bf4 d6 11. Nc3 Be7 12. h3 O-O 13. O-O-O Be6
14. Rhe1 a5 15. d5 Bd7 16. g4 cxd5 17. exd5 Rfe8 18. a3 c6 19. Bh2 Nxd5 20.
Nxd5 cxd5 21. Rxd5 Bc6 22. Rxe7 Rxe7 23. Rxd6 Bxf3 24. Bg3 Re2 25. Bh4 Rh2 26.
Bd8 g6 27. Bb6 Rxh3 28. g5 Re8 29. b3 h6 30. Bxa5 hxg5 31. Bb4 g4 32. Rd2 g3
33. Bc5 g2 34. Kb2 Rh1 0-1

[Event "Ann Arbor (Fall Open/3/8)"]
[Site "?"]
[Date "1996.??.??"]
[Round "?"]
[White "Rosebrook, G."]
[Black "Nikitin, Mike"]
[Result "0-1"]
[WhiteElo "1605"]
[BlackElo "1605"]
[PlyCount "64"]
[EventDate "1996.??.??"]

{3/(8)} 1. e4 e6 2. Nf3 d5 3. e5 Ne7 4. d4 c5 5. Bg5 Nbc6 6. Bb5 Bd7 7. Bxc6
Bxc6 8. Nc3 Qb6 9. b3 Nf5 10. Be3 Rc8 11. O-O Bd7 12. Rb1 Nxe3 13. fxe3 cxd4
14. Nxd5 exd5 15. exd4 Qg6 16. Rf2 Be7 17. Qe2 O-O 18. e6 Qxe6 19. Qd3 Qg6 20.
Qd2 h6 21. Rbf1 Be6 22. Ne5 Qh7 23. Qe2 Bf6 24. Ng4 Bxd4 25. Ne3 b6 26. Kh1
Bxe3 27. Qxe3 Rxc2 28. Rxf7 Bxf7 29. Rxf7 Rxf7 30. Qe8+ Rf8 31. Qe6+ Kh8 32. h3
Qf5 0-1

[Event "Lansing (MOR/7/20)"]
[Site "?"]
[Date "1996.??.??"]
[Round "?"]
[White "Rosebrook, G."]
[Black "Moore, Robert"]
[Result "1-0"]
[WhiteElo "1605"]
[BlackElo "1720"]
[PlyCount "83"]
[EventDate "1996.??.??"]

{7/(20)} 1. e4 c5 2. Nf3 d6 3. c3 Nf6 4. h3 Nxe4 5. Qa4+ Bd7 6. Qxe4 g6 7. Qxb7
Nc6 8. Qb3 Bg7 9. Qc2 O-O 10. Na3 a6 11. Be2 d5 12. d3 Qb6 13. Rb1 Rac8 14. O-O
Qa7 15. Be3 d4 16. cxd4 cxd4 17. Bd2 e5 18. Ng5 h6 19. Ne4 Ne7 20. Qd1 Rc6 21.
Nc4 Be6 22. b3 Nd5 23. Qc1 Qe7 24. Bxh6 Qh4 25. Bg5 Qh7 26. Bd2 Bf6 27. Bf3
Bxh3 28. Nxf6+ Nxf6 29. Bxc6 Ng4 30. Bh6 Nxh6 31. Nxe5 Bf5 32. Qc4 Kg7 33. Qxd4
f6 34. Qa7+ Nf7 35. Nd7 Rh8 36. f3 Bxd3 37. Qd4 Qh2+ 38. Kf2 Ne5 39. Rh1 Bxb1
40. Rxh2 Rxh2 41. Nxe5 fxe5 42. Qxe5+ 1-0

[Event "Howell (US Am N/6/40)"]
[Site "?"]
[Date "1996.??.??"]
[Round "?"]
[White "Rosebrook, G."]
[Black "Melton, J."]
[Result "1-0"]
[WhiteElo "1605"]
[BlackElo "1605"]
[PlyCount "81"]
[EventDate "1996.??.??"]

{6/(40)} 1. e4 e5 2. Nf3 Nc6 3. Bc4 h6 4. d4 exd4 5. Nxd4 Ne5 6. Bb3 Nf6 7. Nc3
c5 8. Nf3 Nxf3+ 9. Qxf3 d6 10. O-O Bg4 11. Qg3 Be6 12. Bxe6 fxe6 13. Qg6+ Kd7
14. e5 Ne8 15. Qg3 d5 16. Rd1 d4 17. Bd2 a6 18. Ne4 b6 19. c3 Kc8 20. cxd4 Ra7
21. Rac1 Rd7 22. Be3 Kb8 23. Nc3 Nc7 24. h3 Nb5 25. Ne4 Nxd4 26. Bxd4 Rxd4 27.
Nc3 g5 28. Rxd4 cxd4 29. Rd1 Rh7 30. Qg4 Rd7 31. Ne4 d3 32. Kh2 Rd4 33. f3 Bc5
34. Qxe6 d2 35. Qxh6 g4 36. Rxd2 Qe7 37. Nxc5 Qxe5+ 38. g3 Rxd2+ 39. Qxd2 Qxc5
40. Qd8+ Qc8 41. Qxc8+ 1-0

[Event "Lansing (MOR/3/38)"]
[Site "?"]
[Date "1996.??.??"]
[Round "?"]
[White "Rosebrook, G."]
[Black "Krimmel, J."]
[Result "1-0"]
[WhiteElo "1605"]
[BlackElo "1605"]
[PlyCount "117"]
[EventDate "1996.??.??"]

{3/(38)} 1. e4 e5 2. Nf3 Nc6 3. c3 Bc5 4. Bc4 d6 5. d3 h6 6. Qb3 Qe7 7. Nbd2
Na5 8. Qa4+ Nc6 9. b4 Bb6 10. Qb3 Be6 11. Bxe6 fxe6 12. Nc4 Nf6 13. h3 Nd7 14.
a4 a5 15. b5 Nc5 16. Qd1 Nd8 17. Nxb6 cxb6 18. d4 Nxe4 19. dxe5 dxe5 20. Ba3
Nxc3 21. Qc2 Qc7 22. Bb2 Rc8 23. Qg6+ Qf7 24. Qxf7+ Nxf7 25. Rc1 e4 26. Nh4 O-O
27. Bxc3 Ne5 28. O-O Nd3 29. Rc2 Kh7 30. g4 g5 31. Ng2 Rf3 32. Kh2 Nf4 33. Nxf4
gxf4 34. Re1 e3 35. Kg2 exf2 36. Rxf2 Rg3+ 37. Kf1 Rcxc3 38. Rxf4 Rcf3+ 39.
Rxf3 Rxf3+ 40. Kg2 Rf6 41. Kg3 Kg6 42. Re5 Kf7 43. h4 Ke7 44. Re3 Kd6 45. Rc3
e5 46. Rf3 Re6 47. Rf7 e4 48. Rxb7 Kc5 49. Rc7+ Kd4 50. Kf2 Ke5 51. Ke3 Kf6 52.
Rc6 Kf7 53. Rxe6 Kxe6 54. Kxe4 Kf6 55. Kd5 Kg6 56. Kc6 h5 57. gxh5+ Kxh5 58.
Kxb6 Kxh4 59. Kxa5 1-0

[Event "Lansing (MOR/1a/8)"]
[Site "?"]
[Date "1996.??.??"]
[Round "?"]
[White "Rosebrook, G."]
[Black "Hencir, Edward"]
[Result "0-1"]
[WhiteElo "1605"]
[BlackElo "1680"]
[PlyCount "94"]
[EventDate "1996.??.??"]

1. e4 c5 2. Nf3 e6 3. c3 a6 4. g3 Qc7 5. Bg2 d6 6. d3 Nd7 7. O-O Ngf6 8. Nbd2
Be7 9. Re1 O-O 10. Nc4 Re8 11. Qc2 Nf8 12. Bd2 Bd7 13. a4 Rac8 14. Qb3 Bc6 15.
Nb6 Rb8 16. a5 Ng6 17. Bh3 Bd8 18. Qc2 Qe7 19. Bg5 Bc7 20. d4 cxd4 21. Nxd4 h6
22. Nxc6 bxc6 23. Be3 Qd8 24. f4 Ne7 25. Bf2 c5 26. Qe2 Bxb6 27. axb6 Qxb6 28.
Rxa6 Qxb2 29. Qxb2 Rxb2 30. Rxd6 Ra8 31. Bxc5 Ng6 32. Rdd1 Raa2 33. Bf1 Rxh2
34. f5 Ne5 35. Re3 Nfg4 36. fxe6 fxe6 37. Be2 Nxe3 38. Rd8+ Kh7 39. Kxh2 Rxe2+
40. Kh3 N3g4 41. Bg1 Rxe4 42. Rd4 Re1 43. Kg2 Rxg1+ 44. Kxg1 Nf3+ 45. Kg2 Nxd4
46. cxd4 Kg6 47. Kf3 Kf5 0-1

[Event "Ann Arbor (HVA/3/6)"]
[Site "?"]
[Date "1996.??.??"]
[Round "?"]
[White "Rosebrook, G."]
[Black "Haddad, Wade"]
[Result "1-0"]
[WhiteElo "1605"]
[BlackElo "1605"]
[PlyCount "95"]
[EventDate "1996.??.??"]

{3/(6)} 1. e4 e5 2. Nf3 Nf6 3. d3 d6 4. h3 g6 5. Be2 Bg7 6. O-O O-O 7. Re1 Be6
8. Bg5 Nbd7 9. Nc3 c6 10. Qd2 Nb6 11. b3 Qc7 12. a4 Rad8 13. Nd1 d5 14. exd5
cxd5 15. Qc1 Rc8 16. Ne3 Nfd7 17. Rb1 d4 18. Ng4 Bxg4 19. hxg4 Qxc2 20. Qd2
Qxd2 21. Nxd2 Rc6 22. Ne4 f6 23. Bd2 Nd5 24. Rbc1 Rb6 25. Bd1 Nb4 26. Bxb4 Rxb4
27. Rc7 Nb6 28. Rxb7 Rf7 29. Rxf7 Kxf7 30. Nd6+ Ke7 31. Ne4 Nd7 32. Nd2 Rb8 33.
Nc4 Rc8 34. f4 Ke6 35. f5+ gxf5 36. gxf5+ Kxf5 37. Nd6+ Ke6 38. Nxc8 a6 39. b4
Bf8 40. Bb3+ Kf5 41. Rf1+ Kg6 42. Be6 Nb8 43. b5 Bb4 44. Nb6 Bd2 45. Nd5 Bg5
46. b6 Kg7 47. b7 Kf8 48. Bf5 1-0

[Event "Flint (MI Senior/4/11)"]
[Site "?"]
[Date "1996.??.??"]
[Round "?"]
[White "Rosebrook, G."]
[Black "Gibbs, Tony"]
[Result "1/2-1/2"]
[WhiteElo "1605"]
[BlackElo "1605"]
[PlyCount "55"]
[EventDate "1996.??.??"]

{4/(11)} 1. e4 d5 2. e5 f6 3. Nc3 e6 4. d4 c5 5. Nf3 cxd4 6. Qxd4 fxe5 7. Nxe5
Qf6 8. Nb5 Na6 9. Bf4 Bc5 10. Qa4 Ke7 11. O-O-O Bxf2 12. Be2 Be3+ 13. Bxe3 Qxe5
14. Qa3+ Kd8 15. Qf8+ Kd7 16. Rhf1 Nf6 17. Qxg7+ Kc6 18. Nd4+ Kb6 19. Nf5+ Kc6
20. Qxh8 exf5 21. Rd3 b6 22. Qf8 Nc5 23. Rc3 d4 24. Bxd4 Qxd4 25. Rd1 Qf4+ 26.
Kb1 Nfe4 27. Qe8+ Kb7 28. Qe7+ 1/2-1/2

[Event "Howell (US Am N/1/21)"]
[Site "?"]
[Date "1996.??.??"]
[Round "?"]
[White "Rosebrook, G."]
[Black "Evans Sr., Thomas"]
[Result "0-1"]
[WhiteElo "1605"]
[BlackElo "1870"]
[PlyCount "84"]
[EventDate "1996.??.??"]

{1/(21)} 1. e4 e6 2. Nf3 d5 3. c3 dxe4 4. Qa4+ Nc6 5. Qxe4 Nf6 6. Qc2 Be7 7. d4
a6 8. Bd3 g6 9. O-O O-O 10. h3 b5 11. Nbd2 Bb7 12. Re1 Nh5 13. Ne4 Qd7 14. Be2
Qd5 15. Bh6 Rfe8 16. Nfg5 Ng7 17. Bxg7 Kxg7 18. h4 h6 19. Nh3 Bxh4 20. Nf4 Nxd4
21. Qd3 Nxe2+ 22. Qxe2 Qxe4 23. Qxe4 Bxe4 24. Rxe4 Bg5 25. Nd3 Rad8 26. Nc5 Rd6
27. Nb7 Rd2 28. Rb1 Rb8 29. Nc5 Rb6 30. Nb3 Rd8 31. g3 Rbd6 32. Rd4 Rxd4 33.
Nxd4 c5 34. Nf3 Rd3 35. Kg2 Bf6 36. a3 g5 37. Re1 g4 38. Ng1 h5 39. Ne2 Rd2 40.
Nf4 Kh6 41. b3 Bxc3 42. Re3 Bd4 0-1

[Event "Ann Arbor (HVA/1/2)"]
[Site "?"]
[Date "1996.??.??"]
[Round "?"]
[White "Rosebrook, G."]
[Black "Evans Sr., Thomas"]
[Result "0-1"]
[WhiteElo "1605"]
[BlackElo "1920"]
[PlyCount "90"]
[EventDate "1996.??.??"]

{1/(2)} 1. e4 e6 2. Nf3 d5 3. c3 dxe4 4. Qa4+ Bd7 5. Qxe4 Bc6 6. Qe2 Qf6 7. d4
Nd7 8. Nbd2 Nh6 9. Ne4 Qg6 10. Neg5 Be7 11. h4 Qh5 12. Ne4 O-O-O 13. Bd2 Rhe8
14. Qd3 Qf5 15. Ng3 Qxd3 16. Bxd3 Bxf3 17. gxf3 Nf5 18. O-O-O Nxh4 19. f4 h6
20. Be2 Ng6 21. Kb1 Bd6 22. Nh5 Rg8 23. Be3 Kb8 24. Bd3 c6 25. f5 exf5 26. Bxf5
Ngf8 27. Bf4 Bxf4 28. Nxf4 Nf6 29. Rde1 Re8 30. Rxe8+ Nxe8 31. Re1 Nd6 32. Bd3
g5 33. Nh5 Nd7 34. Re7 Rd8 35. c4 b6 36. c5 bxc5 37. Ba6 cxd4 38. Ng7 Nc5 39.
Bf1 Nce4 40. Bg2 Nxf2 41. Bxc6 d3 42. Kc1 d2+ 43. Kxd2 Nf5+ 44. Ke2 Nxe7 45.
Bf3 Nd1 0-1

[Event "Ann Arbor (Fall Open/4/6)"]
[Site "?"]
[Date "1996.??.??"]
[Round "?"]
[White "Rosebrook, G."]
[Black "Burg, Dan"]
[Result "1/2-1/2"]
[WhiteElo "1605"]
[BlackElo "1895"]
[PlyCount "73"]
[EventDate "1996.??.??"]

{4/(6)} 1. e4 b6 2. Nf3 Bb7 3. Nc3 e6 4. d4 Bb4 5. Bd2 Nf6 6. Bd3 c5 7. O-O
cxd4 8. Nb5 Be7 9. Re1 O-O 10. Nfxd4 a6 11. Nc3 Bc5 12. Be3 Qc7 13. a3 Rd8 14.
b4 Bxd4 15. Bxd4 e5 16. Nd5 Nxd5 17. Bxe5 d6 18. Bxg7 Kxg7 19. Qg4+ Kh8 20.
exd5 Nd7 21. Re7 Qc3 22. Qd1 Bxd5 23. Re3 Qd4 24. c3 Qf4 25. Be4 Bxe4 26. Qd4+
Nf6 27. Rxe4 Qxe4 28. Qxf6+ Kg8 29. h4 Qe5 30. Qf3 Rac8 31. Qg4+ Qg7 32. Qe2
Rxc3 33. Re1 Rxa3 34. Qe7 Qf8 35. Qg5+ Kh8 36. Qf6+ Kg8 37. Qg5+ 1/2-1/2

[Event "Howell (US Am N/3/42)"]
[Site "?"]
[Date "1996.??.??"]
[Round "?"]
[White "Rosebrook, G."]
[Black "Berry, DeMarcus"]
[Result "1-0"]
[WhiteElo "1605"]
[BlackElo "1605"]
[PlyCount "145"]
[EventDate "1996.??.??"]

{3/(42)} 1. e4 c6 2. Nf3 d5 3. Nc3 Bg4 4. Be2 e6 5. d4 Bb4 6. O-O Bxc3 7. bxc3
dxe4 8. Ne5 Bxe2 9. Qxe2 Nf6 10. Ba3 Nbd7 11. Ng4 Rb8 12. Rab1 Nd5 13. Rb3 N7b6
14. Ne5 Nxc3 15. Rxc3 Qxd4 16. Rc5 O-O 17. Rd1 Qa4 18. Qe3 Nd5 19. Qg3 Rbd8 20.
Rc4 Qa5 21. Bxf8 Rxf8 22. Qb3 Rd8 23. Rxe4 Nf4 24. Rxd8+ Qxd8 25. Qf3 Qb6 26.
Qd1 Nd5 27. Rc4 h6 28. h3 Qa6 29. a4 f6 30. Nd7 Qxc4 31. Qh5 Nc7 32. Qg6 Qd4
33. Qd3 Qa1+ 34. Kh2 Nd5 35. Qe4 e5 36. Qg4 Kf7 37. Nc5 Nf4 38. Qd7+ Kg8 39.
Qxb7 Ne2 40. Qc8+ Kh7 41. Qf5+ Kg8 42. Qe6+ Kh7 43. Qf5+ Kg8 44. Qe6+ Kh7 45.
Qf5+ Kg8 46. Qc8+ Kf7 47. Qe6+ Kg6 48. Qg4+ Kf7 49. Qxe2 Qd4 50. Nd3 g6 51. c4
e4 52. Nf4 Qe5 53. g3 h5 54. h4 f5 55. Qd1 Kf6 56. Qd8+ Qe7 57. Qxe7+ Kxe7 58.
Nxg6+ Kd6 59. Nf4 Kc5 60. Nxh5 Kxc4 61. Nf4 Kb4 62. h5 c5 63. h6 c4 64. h7 c3
65. h8=Q c2 66. Qb2+ Kxa4 67. Qxc2+ Ka3 68. Nd5 a5 69. Qc3+ Ka2 70. Qxa5+ Kb3
71. Qb4+ Ka2 72. Nc3+ Ka1 73. Qb1# 1-0

[Event "Detroit (Class C/2/7)"]
[Site "?"]
[Date "1996.??.??"]
[Round "?"]
[White "Rosebrook, G."]
[Black "Asbury, Victor"]
[Result "0-1"]
[WhiteElo "1605"]
[BlackElo "1605"]
[PlyCount "98"]
[EventDate "1996.??.??"]

{2/(7)} 1. e4 c5 2. Nf3 Nc6 3. Nc3 g6 4. Bc4 Bg7 5. d3 Nf6 6. O-O O-O 7. h3 a6
8. a3 b5 9. Bb3 Bb7 10. Re1 Na5 11. Ba2 c4 12. b4 cxb3 13. cxb3 Nxe4 14. dxe4
Bxc3 15. Bh6 Bg7 16. Bxg7 Kxg7 17. Qd4+ f6 18. Rad1 d6 19. Ng5 e5 20. Qxd6 fxg5
21. Qxe5+ Qf6 22. Qc7+ Rf7 23. Qxa5 Qxf2+ 24. Kh1 Qxa2 25. Qc3+ Kg8 26. Qe5
Raf8 27. Qxg5 Qxb3 28. Rd8 Qxa3 29. Rxf8+ Qxf8 30. Kh2 Re7 31. Rd1 Bxe4 32. Qd2
Bf5 33. Qa2+ Be6 34. Qxa6 Bc4 35. Qa1 Qf4+ 36. Kh1 Qe5 37. Qa8+ Kg7 38. Rd8 Qf6
39. Rd1 Qc3 40. Kh2 Qe5+ 41. Kg1 Qg3 42. Qa1+ Kh6 43. Qf6 Rf7 44. Qd4 Re7 45.
Qd8 Re1+ 46. Rxe1 Qxe1+ 47. Kh2 Qe5+ 48. Kg1 Qf4 49. Qd1 b4 0-1

[Event "Howell (US Am N/1/16)"]
[Site "?"]
[Date "1996.??.??"]
[Round "?"]
[White "Rosati, S."]
[Black "Wisckol, Richard"]
[Result "0-1"]
[WhiteElo "1605"]
[BlackElo "1930"]
[PlyCount "66"]
[EventDate "1996.??.??"]

{1/(16)} 1. e4 c5 2. Nf3 Nc6 3. d4 cxd4 4. Nxd4 g6 5. Nc3 Bg7 6. Be3 Nf6 7. f3
O-O 8. Qd2 d5 9. exd5 Nxd5 10. Nxd5 Qxd5 11. c3 Nxd4 12. Bxd4 Bxd4 13. Qxd4
Qxd4 14. cxd4 Rd8 15. O-O-O Be6 16. b3 Rd6 17. Kb2 Rad8 18. Kc3 Rc8+ 19. Kb2
Bf5 20. Rd2 e5 21. d5 Rc5 22. Bc4 b5 23. Be2 Rcxd5 24. Rxd5 Rxd5 25. Rd1 Rxd1
26. Bxd1 Kf8 27. Kc3 Ke7 28. Kb4 a6 29. a4 bxa4 30. Kxa4 Bd3 31. b4 f5 32. Bb3
e4 33. fxe4 fxe4 0-1

[Event "Howell (US Am N/5/39)"]
[Site "?"]
[Date "1996.??.??"]
[Round "?"]
[White "Rosati, S."]
[Black "Tack, K."]
[Result "1/2-1/2"]
[WhiteElo "1605"]
[BlackElo "1605"]
[PlyCount "42"]
[EventDate "1996.??.??"]

{5/(39)} 1. d4 Nf6 2. c4 e6 3. Nc3 b6 4. Nf3 Bb7 5. Bg5 Be7 6. e3 h6 7. Bxf6
Bxf6 8. Bd3 d6 9. O-O Nd7 10. Re1 O-O 11. Rc1 e5 12. d5 Re8 13. Ne4 Be7 14. Ng3
g6 15. Qc2 Kg7 16. b4 Bf8 17. h4 Nf6 18. h5 g5 19. Nd2 Bc8 20. Nde4 Nxe4 21.
Bxe4 Rb8 1/2-1/2

[Event "Howell (US Am N/3/24)"]
[Site "?"]
[Date "1996.??.??"]
[Round "?"]
[White "Rosati, S."]
[Black "McGrath, Michael"]
[Result "0-1"]
[WhiteElo "1605"]
[BlackElo "1755"]
[PlyCount "44"]
[EventDate "1996.??.??"]

{3/(24)} 1. e4 e5 2. Nf3 d6 3. c3 f5 4. exf5 Bxf5 5. Bc4 Be7 6. O-O Nc6 7. d3
Nf6 8. Nbd2 d5 9. Bb5 Qd6 10. d4 e4 11. Ne5 O-O 12. Bxc6 bxc6 13. b4 Nd7 14. f4
Nxe5 15. fxe5 Qg6 16. Kh1 Rf7 17. Nb3 Bg4 18. Rxf7 Bxd1 19. Rxe7 Rf8 20. Kg1
Qf5 21. h3 Qf1+ 22. Kh2 Rf2 0-1

[Event "Cadillac Open/2/2"]
[Site "?"]
[Date "1996.??.??"]
[Round "?"]
[White "Ronneberg, E."]
[Black "Kulbacki, James"]
[Result "1-0"]
[WhiteElo "2250"]
[BlackElo "1915"]
[PlyCount "39"]
[EventDate "1996.??.??"]

{2/2} 1. e4 e6 2. d4 d5 3. Nd2 Nf6 4. e5 Nfd7 5. Bd3 c5 6. c3 b6 7. Qe2 Nc6 8.
Ngf3 Be7 9. a3 c4 10. Bc2 b5 11. Nf1 a5 12. h4 Ba6 13. Rh3 Qb6 14. Ng5 g6 15.
h5 Bxg5 16. Bxg5 Nxd4 17. cxd4 Qxd4 18. hxg6 Qxe5 19. Qxe5 Nxe5 20. Bf6 1-0

[Event "Cadillac Open/5/2"]
[Site "?"]
[Date "1996.??.??"]
[Round "?"]
[White "Ronneberg, E."]
[Black "Estlick, Laurence"]
[Result "1-0"]
[WhiteElo "2250"]
[BlackElo "1965"]
[PlyCount "85"]
[EventDate "1996.??.??"]

{5/2} 1. e4 e6 2. d4 d5 3. Nd2 c5 4. exd5 exd5 5. Ngf3 Nf6 6. Bb5+ Nc6 7. O-O
a6 8. Re1+ Be7 9. Bxc6+ bxc6 10. Ne5 Bb7 11. dxc5 O-O 12. b4 a5 13. c3 d4 14.
Nb3 dxc3 15. Nxa5 Rxa5 16. bxa5 Bxc5 17. Be3 Qxa5 18. Bxc5 Qxc5 19. Nd7 Nxd7
20. Qxd7 Bc8 21. Qc7 Be6 22. a4 Rc8 23. Qxc8+ Bxc8 24. Re8+ Qf8 25. Rxf8+ Kxf8
26. Rc1 Ke7 27. Rxc3 Kd6 28. Kf1 c5 29. Ke2 Kc6 30. Ke3 Bd7 31. Rb3 c4 32. Rb8
Bf5 33. Kd4 Kc7 34. Rb4 Bd3 35. Rxc4+ Bxc4 36. Kxc4 Kb6 37. Kd5 Ka5 38. Kd6
Kxa4 39. Ke7 f5 40. Kf7 g5 41. Kf6 f4 42. Kxg5 f3 43. gxf3 1-0

[Event "Flint (MI Ch Spon/2)"]
[Site "?"]
[Date "1996.??.??"]
[Round "?"]
[White "Rodriguez, P."]
[Black "Dezerne, T."]
[Result "1-0"]
[WhiteElo "1605"]
[BlackElo "1605"]
[PlyCount "41"]
[EventDate "1996.??.??"]

1. d4 d5 2. Nf3 Nc6 3. e3 Nf6 4. Bd3 e6 5. Nbd2 Bd6 6. O-O O-O 7. c3 Ng4 8. Re1
b6 9. Qe2 Qe7 10. e4 Re8 11. e5 Nxd4 12. Nxd4 Nxe5 13. Bc2 c5 14. N4f3 c4 15.
Nxe5 Qf6 16. Ndf3 Bc5 17. Bg5 Qxg5 18. Nxg5 f6 19. Qh5 g6 20. Qxh7+ Kf8 21.
Qf7# 1-0

[Event "Flint (MI Ch Spon/1)"]
[Site "?"]
[Date "1996.??.??"]
[Round "?"]
[White "Rodriguez, M."]
[Black "Menczer, David"]
[Result "1-0"]
[WhiteElo "1605"]
[BlackElo "1605"]
[PlyCount "68"]
[EventDate "1996.??.??"]

1. e4 e5 2. Nf3 Nc6 3. d4 Nxd4 4. Nxd4 exd4 5. Qxd4 b6 6. Nc3 c5 7. Qe5+ Qe7 8.
Bf4 Qxe5 9. Bxe5 Ne7 10. Nb5 d6 11. Bxd6 Nc6 12. Nc7+ Kd8 13. Nxa8 Bxd6 14.
O-O-O Kd7 15. Bb5 f6 16. f4 Bb7 17. Nxb6+ axb6 18. e5 Kc7 19. exd6+ Kd8 20. d7
Nd4 21. Bc4 b5 22. c3 bxc4 23. cxd4 Kxd7 24. dxc5+ Kc7 25. Rd4 Ba6 26. Re1 Bb5
27. Rd6 Rd8 28. Re7+ Rd7 29. Rdxd7+ Bxd7 30. Rxg7 h5 31. Kd2 Kc6 32. Rxd7 Kxd7
33. Kc3 Kc6 34. Kxc4 h4 1-0

[Event "Flint (MI Ch Spon/3)"]
[Site "?"]
[Date "1996.??.??"]
[Round "?"]
[White "Rodriguez, M."]
[Black "Durkee, David"]
[Result "1-0"]
[WhiteElo "1605"]
[BlackElo "1775"]
[PlyCount "85"]
[EventDate "1996.??.??"]

1. e4 c5 2. d4 cxd4 3. c3 dxc3 4. Nxc3 Nc6 5. Nf3 d6 6. Bc4 Nf6 7. O-O Bg4 8.
Be3 Ne5 9. Bb3 Nxf3+ 10. gxf3 Bh3 11. Re1 g6 12. Nd5 Bg7 13. Nxf6+ Bxf6 14. Qd5
Be6 15. Qxb7 Bxb3 16. axb3 Rb8 17. Qxa7 O-O 18. Bd4 Bxd4 19. Qxd4 Rxb3 20. Re3
e5 21. Qd2 Qb6 22. Rxb3 Qxb3 23. Ra3 Qb6 24. Rd3 Rb8 25. Rxd6 Qxb2 26. Rd8+ Kg7
27. Qxb2 Rxb2 28. Kg2 f5 29. Rd7+ Kh6 30. Rd5 Kg5 31. Rxe5 Kf4 32. Re7 fxe4 33.
Rxe4+ Kf5 34. Kg3 g5 35. Rc4 Re2 36. f4 g4 37. Rc5+ Kf6 38. Rg5 Re1 39. Rxg4
Rg1+ 40. Kf3 Rxg4 41. Kxg4 Kg6 42. f5+ Kf6 43. h4 1-0

[Event "Detroit (Beg/3/6)"]
[Site "?"]
[Date "1996.??.??"]
[Round "?"]
[White "Rodriguez, B."]
[Black "Perkowski, R."]
[Result "0-1"]
[WhiteElo "1605"]
[BlackElo "1605"]
[PlyCount "95"]
[EventDate "1996.??.??"]

{3/(6)} 1. e4 e5 2. Nf3 Nc6 3. Nc3 Nf6 4. Bc4 d6 5. d3 Bg4 6. h3 Bxf3 7. Qxf3
Nd4 8. Qd1 c6 9. O-O d5 10. exd5 cxd5 11. Bb5+ Nxb5 12. Nxb5 a6 13. Nc3 Bc5 14.
a3 b5 15. b4 Bd4 16. Bg5 Bxc3 17. Qf3 Bxa1 18. Rxa1 h6 19. Bxf6 Qxf6 20. Qxd5
O-O 21. Re1 Qe6 22. Qc5 Rfc8 23. Qe3 Rxc2 24. Qe4 Rac8 25. Rf1 Rc1 26. Rxc1
Rxc1+ 27. Kh2 g6 28. Qe3 Rc2 29. Kg1 Kg7 30. d4 exd4 31. Qxd4+ Qf6 32. Qe3 Qc3
33. Qxc3+ Rxc3 34. g4 f5 35. gxf5 gxf5 36. Kg2 h5 37. f3 Rxa3 38. Kg3 Kg6 39.
h4 a5 40. Kf2 axb4 41. Ke2 Rc3 42. Kd2 Rc4 43. Kd3 b3 44. Kd2 b2 45. Ke2 b1=Q
46. Ke3 Qb3+ 47. Kf2 Qd3 48. Kg3 0-1

[Event "Detroit (Beg/1/4)"]
[Site "?"]
[Date "1996.??.??"]
[Round "?"]
[White "Rodriguez, B."]
[Black "Hollinsworth, Galon"]
[Result "1-0"]
[WhiteElo "1605"]
[BlackElo "1605"]
[PlyCount "61"]
[EventDate "1996.??.??"]

{1/(4)} 1. e4 e5 2. Nf3 Nc6 3. Nc3 Nf6 4. Bc4 Nxe4 5. Nxe4 d5 6. Bxd5 Qxd5 7.
Nc3 Qd8 8. O-O Bc5 9. d3 O-O 10. h3 b5 11. Nxb5 a6 12. Nc3 Re8 13. b3 Nd4 14.
Bb2 Nxf3+ 15. Qxf3 Bb7 16. Qxb7 Bd4 17. Qe4 Rf8 18. Na4 f5 19. Qc6 Bxb2 20.
Nxb2 f4 21. Qe6+ Kh8 22. Qg4 Qd4 23. Nc4 Rf6 24. Rae1 Rg6 25. Qh5 Qd5 26. f3
Qf7 27. Rxe5 Re8 28. Rfe1 h6 29. Rxe8+ Kh7 30. Qc5 Rg5 31. R1e5 1-0

[Event "Detroit (Beg/5/7)"]
[Site "?"]
[Date "1996.??.??"]
[Round "?"]
[White "Rodriguez, B."]
[Black "Dushane, M."]
[Result "1-0"]
[WhiteElo "1605"]
[BlackElo "1605"]
[PlyCount "105"]
[EventDate "1996.??.??"]

{5/(7)} 1. e4 e5 2. Nf3 Nc6 3. Nc3 Nf6 4. Bc4 Bc5 5. d3 d6 6. Bg5 h6 7. Bh4 O-O
8. Nd5 Bg4 9. Bxf6 gxf6 10. h3 Bxf3 11. Qxf3 Nd4 12. Qg3+ Kh7 13. Rc1 Rg8 14.
Qh4 f5 15. Qxd8 Raxd8 16. Nf6+ Kg7 17. Nxg8 Rxg8 18. c3 fxe4 19. cxd4 exd3 20.
Bxd3 exd4 21. O-O a5 22. a4 c6 23. Rfe1 Rb8 24. Re2 b5 25. b3 bxa4 26. bxa4 Rb4
27. Ra1 Rb3 28. Be4 d3 29. Rd2 d5 30. Bxd3 Bd4 31. Rad1 Ra3 32. Bc2 Bc3 33. Rd3
d4 34. Rb1 c5 35. Rb3 Ra1+ 36. Kh2 Be1 37. Rb1 Rxb1 38. Bxb1 Bxf2 39. Rb3 c4
40. Rb5 Be1 41. Kg1 d3 42. Rxa5 d2 43. Rd5 c3 44. a5 Kf6 45. a6 Ke6 46. Rd3 Ke5
47. a7 f5 48. a8=Q f4 49. Qd5+ Kf6 50. Rxc3 d1=Q 51. Qxd1 Bxc3 52. Qd6+ Kg5 53.
Qc5+ 1-0

[Event "Howell (US Am N/4/23)"]
[Site "?"]
[Date "1996.??.??"]
[Round "?"]
[White "Robinson, Erik"]
[Black "Rosenberg, Steve"]
[Result "0-1"]
[WhiteElo "1605"]
[BlackElo "1785"]
[PlyCount "61"]
[EventDate "1996.??.??"]

{4/(23)} 1. d4 Nf6 2. Nc3 g6 3. e4 d6 4. Bg5 Bg7 5. Qd2 h6 6. Bh4 Nc6 7. Be2
Bg4 8. Bxf6 Bxf6 9. Bxg4 Bxd4 10. Nge2 Bg7 11. f4 e6 12. O-O g5 13. Ng3 Qe7 14.
Nce2 O-O-O 15. Rab1 gxf4 16. Qxf4 Ne5 17. Bh3 h5 18. Nd4 h4 19. Nge2 Bh6 20.
Qf6 Qe8 21. Nf4 Kb8 22. Nde2 Nc4 23. Qc3 Qc6 24. b3 Qb6+ 25. Kh1 Ne5 26. a4
Rhg8 27. a5 Qb5 28. Nd4 Qd7 29. Nd5 Bg7 30. Nf6 Bxf6 31. Rxf6 {[Remainder
illegible; 0-1, 70?]} 0-1

[Event "Detroit (Class DE/3/10)"]
[Site "?"]
[Date "1996.??.??"]
[Round "?"]
[White "Robinson, B."]
[Black "Kyser, Bob"]
[Result "0-1"]
[WhiteElo "1605"]
[BlackElo "1605"]
[PlyCount "98"]
[EventDate "1996.??.??"]

{3/(10)} 1. d4 d5 2. c4 Nf6 3. cxd5 Nxd5 4. e4 Nf6 5. Nc3 e6 6. Bg5 Be7 7. Nf3
Nbd7 8. Bd3 h6 9. Bh4 g5 10. Bg3 Nh5 11. Ne5 Nxg3 12. hxg3 Nf6 13. Qd2 c6 14.
Be2 Bb4 15. a3 Nxe4 16. Qe3 Bxc3+ 17. bxc3 Nf6 18. Qd2 Nd7 19. Nxd7 Bxd7 20. f4
f6 21. Bh5+ Ke7 22. f5 exf5 23. Qe3+ Kf8 24. O-O-O Qe7 25. Qxe7+ Kxe7 26. Rde1+
Kd6 27. c4 Be8 28. Bf3 g4 29. c5+ Kc7 30. Re7+ Bd7 31. Bd1 Rae8 32. Rhe1 Kd8
33. Rxe8+ Rxe8 34. Rxe8+ Kxe8 35. Kd2 Ke7 36. Ke3 b6 37. cxb6 axb6 38. Bb3 Be6
39. Bxe6 Kxe6 40. Kd3 Kd5 41. Ke3 h5 42. Kd3 b5 43. Kc3 f4 44. gxf4 h4 45. Kd3
h3 46. Ke3 h2 47. f5 h1=Q 48. Kf4 Qxg2 49. a4 Qf3# 0-1

[Event "Detroit (Class DE/4/13)"]
[Site "?"]
[Date "1996.??.??"]
[Round "?"]
[White "Robinson, B."]
[Black "Crysler, Jerry"]
[Result "1/2-1/2"]
[WhiteElo "1605"]
[BlackElo "1605"]
[PlyCount "104"]
[EventDate "1996.??.??"]

{4/(13)} 1. d4 e6 2. c4 d6 3. Nc3 c6 4. Nf3 Ne7 5. Bg5 f6 6. Bf4 Ng6 7. Bg3 Be7
8. e4 O-O 9. Qd2 Na6 10. O-O-O Nb4 11. a3 Na6 12. Nh4 Nxh4 13. Bxh4 f5 14. Bxe7
Qxe7 15. Re1 c5 16. d5 e5 17. f4 Bd7 18. g3 Rae8 19. Bh3 Nc7 20. fxe5 Qxe5 21.
exf5 Qf6 22. Rxe8 Rxe8 23. g4 Qh4 24. Qf4 Qxh3 25. Qxd6 Qe3+ 26. Kb1 Qe7 27.
Qg3 Qe3 28. Qxc7 Qd3+ 29. Ka1 Bc8 30. Rd1 Qxc4 31. d6 Rf8 32. d7 Bxd7 33. Rxd7
Qxg4 34. Qxc5 Qxf5 35. Qc4+ Kh8 36. Qd4 Qg6 37. Rxb7 a5 38. Qe5 Rf1+ 39. Ka2 h6
40. Rb8+ Kh7 41. Qxa5 Qe6+ 42. Qd5 Qxd5+ 43. Nxd5 Rh1 44. b4 Rxh2+ 45. Kb3 h5
46. Rb7 h4 47. Nf6+ Kg6 48. Ng4 Rh3+ 49. Ka4 Rg3 50. Rb6+ Kf5 51. Nh2 Kf4 52.
Rc6 h3 {[Remainder illegible; 1/2-1/2, 82?]} 1/2-1/2